Central Library OPAC University of Rajshahi

Capacity for development : (Record no. 45516)

MARC details
000 -LEADER
fixed length control field 01386pam a2200373 a 4500
001 - CONTROL NUMBER
control field 45516
003 - CONTROL NUMBER IDENTIFIER
rucl marc code BD-RjUL
005 - DATE AND TIME OF LATEST TRANSACTION
control field 20211209054027.0
008 - FIXED-LENGTH DATA ELEMENTS--GENERAL INFORMATION
fixed length control field 160726s2002 vau b 001 0 eng
020 ## - INTERNATIONAL STANDARD BOOK NUMBER
International Standard Book Number 1853839248
International Standard Book Number 1853839191
Terms of availability L.17.95
035 ## - SYSTEM CONTROL NUMBER
System control number (BD-RjUL)45634
System control number 178069
040 ## - CATALOGING SOURCE
Original cataloging agency DLC
Language of cataloging eng
Transcribing agency DLC
Modifying agency ANL
041 ## - LANGUAGE CODE
Language code of text/sound track or separate title eng
082 04 - DEWEY DECIMAL CLASSIFICATION NUMBER
Classification number 338.9009172
Edition number 21
Classification number 338.90091724
Edition number 21
Classification number 338.90091724
Edition number 21
Author mark and year CAP 2002
245 00 - TITLE STATEMENT
Title Capacity for development :
Remainder of title new solutions to old problems /
Statement of responsibility, etc. edited by Sakiko Fukuda-Parr, Carlos Lopes, and Khalid Malik.
260 ## - PUBLICATION, DISTRIBUTION, ETC. (IMPRINT)
Place of publication, distribution, etc. Sterling, VA :
Name of publisher, distributor, etc. Earthscan Publications,
Date of publication, distribution, etc. 2002.
300 ## - PHYSICAL DESCRIPTION
Pagination x, 284 p. :
Illustrations ill. ;
Size 26 cm.
504 ## - BIBLIOGRAPHY, ETC. NOTE
Bibliography, etc Includes bibliographical references and index.
650 #0 - SUBJECT ADDED ENTRY--TOPICAL TERM
Topical term or geographic name as entry element Industrial capacity
Geographic subdivision Developing countries.
9 (RLIN) 139336
Topical term or geographic name as entry element Infrastructure (Economics)
Geographic subdivision Developing countries.
9 (RLIN) 139337
Topical term or geographic name as entry element Economic development projects
Geographic subdivision Developing countries.
9 (RLIN) 139338
Topical term or geographic name as entry element Technical assistance
Geographic subdivision Developing countries.
9 (RLIN) 139339
Topical term or geographic name as entry element Information technology
General subdivision Economic aspects
Geographic subdivision Developing countries.
9 (RLIN) 139340
Topical term or geographic name as entry element Economic development.
9 (RLIN) 139341
700 1# - ADDED ENTRY--PERSONAL NAME
Personal name Lopes, Carlos.
Personal name Fukuda-Parr, Sakiko,
Dates associated with a name 1950-
Personal name Malik, Khalid,
Dates associated with a name 1952-
942 ## - ADDED ENTRY ELEMENTS (KOHA)
Source of classification or shelving scheme Dewey Decimal Classification
Koha item type Books
Holdings
Lost status Source of classification or shelving scheme Damaged status Not for loan Collection code Permanent Location Current Location Shelving location Date acquired Source of acquisition Cost, normal purchase price Total Checkouts Full call number Date last seen Copy number Koha item type
  Dewey Decimal Classification     Non-fiction Central Library, University of Rajshahi Central Library, University of Rajshahi   06/02/2008 Dhaka : Paragon Enterprise 17.99   338.9009172 CAP 2002 26/07/2016 C-2 Books
  Dewey Decimal Classification   Not For Loan Non-fiction Central Library, University of Rajshahi Central Library, University of Rajshahi Reading Room 06/02/2008 Dhaka,Paragon Enterprise Lit., 17.99   338.9009172 CAP 2002 20/12/2016 C-1 Books